000 00793nam a2200265Ia 4500
003 OSt
005 20220918165942.0
006 a|||||r|||| 00| 0
007 ta
008 220917b |||||||| |||| 00| 0 eng d
020 _a8185224927 (hbk)
024 _a234,948
037 _cTextual
040 _aARTS
_cARTS
_beng
041 _2eng
_aeng
082 _aX625.2'N9, N6(RR)
100 _aVerma J C
_926363
245 0 _aBharat's mannual of merchant banking
_b Concepts, practices & procedures with SEBI clarifications, guidelines, rules & regulations
250 _a4th
260 _aNew Delhi
_bBharat Law House India
_c1996
300 _a1568p.
_ccm.
650 _aECONOMICS
942 _hX625.2'N9, N6(RR)
_cTEXL
_2CC
999 _c131939
_d131939